与鲨鱼游泳 (Record no. 67619)

000 -LEADER
fixed length control field 00563nam a22001937a 4500
003 - CONTROL NUMBER IDENTIFIER
control field MPLRDC
005 - DATE AND TIME OF LATEST TRANSACTION
control field 20220104202401.0
008 - FIXED-LENGTH DATA ELEMENTS--GENERAL INFORMATION
fixed length control field 210129b ||||| |||| 00| 0 eng d
020 ## - INTERNATIONAL STANDARD BOOK NUMBER
International Standard Book Number 978-957-13-7028-6
082 ## - DEWEY DECIMAL CLASSIFICATION NUMBER
Classification number 561.941 LUY
100 ## - MAIN ENTRY--PERSONAL NAME
Personal name 裘里斯·卢彦戴克 JORIS LUYENDIJK
245 ## - TITLE STATEMENT
Title 与鲨鱼游泳
Statement of responsibility, etc. 何玉美 译
250 ## - EDITION STATEMENT
Edition statement 初版一刷
260 ## - PUBLICATION, DISTRIBUTION, ETC.
Place of publication, distribution, etc. 台湾
Name of publisher, distributor, etc. 时报文化出版企业股份有限公司
Date of publication, distribution, etc. 2017
300 ## - PHYSICAL DESCRIPTION
Other physical details
520 ## - SUMMARY, ETC.
Summary, etc. 新书上架 2018-02-02。
650 ## - SUBJECT ADDED ENTRY--TOPICAL TERM
Topical term or geographic name entry element 各国金融问题--英国
942 ## - ADDED ENTRY ELEMENTS (KOHA)
Koha item type Book
-- 561.941 LUY
Holdings
Withdrawn status Lost status Source of classification or shelving scheme Damaged status Not for loan Collection code Home library Current library Shelving location Date acquired Cost, normal purchase price Total Checkouts Full call number Barcode Date last seen Date last checked out Price effective from Koha item type Public note
            Malaysian Public Library, Research and Development Centre Malaysian Public Library, Research and Development Centre   02/11/2017 56.30   561.941 LUY 00061028 18/03/2021 23/12/2018 18/03/2021 Book mplrdc

© 2022. Malaysian Public Library, Research and Development Centre. All Right ReservedE-mailmplrdc@help.edu.my 

Powered by Koha